000097547 001__ 97547
000097547 005__ 20210118122850.0
000097547 037__ $$aTAZ-TFM-2020-1226
000097547 041__ $$aspa
000097547 1001_ $$aRemón Gil, Sofía Paola
000097547 24200 $$aEn menosprecio e offenssa del senyor rey. Popular resistances in Aragon in the context of the War of the Two Pedros (1357-1371).
000097547 24500 $$aEn menosprecio e offenssa del senyor rey. Resistencias populares en Aragón en el contexto de la Guerra de los Dos Pedros (1357-1371).
000097547 260__ $$aZaragoza$$bUniversidad de Zaragoza$$c2020
000097547 506__ $$aby-nc-sa$$bCreative Commons$$c3.0$$uhttp://creativecommons.org/licenses/by-nc-sa/3.0/
000097547 520__ $$aEl presente trabajo ofrece un análisis de las principales estrategias de resistencia popular desarrolladas por la población civil aragonesa para hacer frente a las medidas extraordinarias emanadas de la propia Corona de Aragón durante la Guerra de los Dos Pedros. En primer lugar, se realiza una contextualización del periodo, explicando las principales características de la guerra, las medidas extraordinarias adoptadas desde las instituciones y su impacto sobre la población aragonesa; y posteriormente, tomando como base una documentación inédita y excepcional gestada en ese periodo, se documentan y analizan diversas estrategas de resistencia popular que se desarrollaron en ese contexto bélico como respuesta ante las disposiciones más conflictivas.<br /><br />
000097547 521__ $$aMáster Universitario en Investigación y Estudios Avanzados en Historia
000097547 540__ $$aDerechos regulados por licencia Creative Commons
000097547 700__ $$aLafuente Gómez, Mario$$edir.
000097547 7102_ $$aUniversidad de Zaragoza$$b $$c
000097547 8560_ $$f720524@unizar.es
000097547 8564_ $$s259166$$uhttps://zaguan.unizar.es/record/97547/files/TAZ-TFM-2020-1226_ANE.pdf$$yAnexos (spa)
000097547 8564_ $$s436589$$uhttps://zaguan.unizar.es/record/97547/files/TAZ-TFM-2020-1226.pdf$$yMemoria (spa)
000097547 909CO $$ooai:zaguan.unizar.es:97547$$pdriver$$ptrabajos-fin-master
000097547 950__ $$a
000097547 951__ $$adeposita:2021-01-18
000097547 980__ $$aTAZ$$bTFM$$cFFYL
000097547 999__ $$a20201112215517.CREATION_DATE